000 00823cam2a220025300 4500
001 lce00788943
008 730424c19731972pau b 000 0 eng
010 _a 72094932 //r84
020 _a0878570519
020 _c
_2.95
035 _a(Sirsi) r49476
035 _a(DLC) 72094932 //r84
035 _a(UPRA)lce00788943
050 0 _aS661
_b.G64 1973
082 _a631.8/75
100 1 _aGolueke, Clarence G., 1917-
_dGolueke, Clarence G., 1917-
_6A7520.1
245 1 0 _aComposting;
_ba study of the process and its principles,
_cby Clarence G. Golueke.
260 _aEmmaus, Pa.,
_bRodale Press
_c[1973, c1972]
490 0 _aA Rodale organic living paperback
_6S22226.1
504 _aBibliography: p. 93-98.
650 0 _aCompost.
_6S1414.1
949 _aS661
_wlcc
_i-61851
_mMAIN
_tBOOK
_lON-SHELF
004 49476
999 _c122591
_d122591